| 000 | 01139nam0a2200301 4500 | ||
|---|---|---|---|
| 001 | RU\NLR\bibl\1274431 | ||
| 005 | 20260406085414.0 | ||
| 010 |
_a978-5-9921-0326-7 _98000 |
||
| 021 |
_aRU _b2008-57713 _93213 |
||
| 035 | _a(NLR Aleph) 001260267 | ||
| 090 |
_a374629 _c374629 |
||
| 100 | _a20080918d2008 u y0rusy50 ca | ||
| 101 | 0 | _arus | |
| 102 | _aRU | ||
| 105 | _aa ||||||||| | ||
| 200 | 1 |
_aМашины _e[для детей дошкольного возраста _eдля чтения взрослыми детям _fМ. Погарский _gхудож. В. Вахтин] |
|
| 210 |
_aМосква _cЛИНГ _cЛинг-книга _d2008 |
||
| 215 |
_a[12] с. _cцв. ил. _d22 |
||
| 225 | 1 | _aЧитаем с мамой | |
| 300 | _aАвт. указан в вып. дан. | ||
| 700 | 1 |
_aПогарский _bМ. В. _f1963- _gМихаил Валентинович |
|
| 702 | 1 |
_4040 _7ca _8rus _aВахтин _bВ. Л. _cхудожник _gВиктор Л. _937957 _3RU\NLR\AUTH\7755025 |
|
| 801 | 0 |
_aRU _bNLR _c20080918 _gRCR |
|
| 801 | 1 |
_aRU _bNLR _c20080918 |
|
| 830 | _aавт. по эк | ||
| 942 | _cBOOK | ||
| 980 | _aNB | ||